Normal view
MARC view
- Reuter, Walter G, Underwood, John.H, Newman, James.C
Entry Personal Name
001 - CONTROL NUMBER
- control field: 69796
003 - CONTROL NUMBER IDENTIFIER
- control field: NUST
005 - DATE AND TIME OF LATEST TRANSACTION
- control field: 20210628204310.0
008 - FIXED-LENGTH DATA ELEMENTS
- fixed length control field: 210628|| aca||aabn | a|a d
040 ## - CATALOGING SOURCE
- Original cataloging agency: NUST
- Transcribing agency: NUST
100 ## - HEADING--PERSONAL NAME
- Personal name: Reuter, Walter G, Underwood, John.H, Newman, James.C
670 ## - SOURCE DATA FOUND
- Source citation: Work cat.: (NUST): Reuter, Walter G, Underwood, John.H, Newman, James.C, Surface crack growth: models, experiments, and structures, 1990
